Todas as cores - Statistics

Estatísticas Gerais
  • Esse quiz foi jogado 514 vezes
    513 desde o último reset
  • A pontuação média é 20 de 50
Estatísticas das Respostas
# Letra inicial Cores % Correto
2 A Amarelo
99%
3 A Azul
99%
9 B Branco
94%
37 P Preto
92%
46 V Verde
92%
27 L Laranja
88%
15 C Cinza
87%
39 R Rosa
87%
40 R Roxo
87%
48 V Vermelho
86%
32 M Marrom
84%
7 B Bege
73%
29 L Lilás
69%
18 D Dourado
68%
36 P Prata/Prateado
66%
5 A-M Azul-marinho
56%
50 V Violeta
56%
49 V Vinho
49%
23 G Gelo/Neve
47%
30 M Magenta
39%
20 E Esmeralda
38%
44 T Turquesa
37%
41 S Salmão
32%
11 C Caramelo
30%
47 V-O Verde-oliva
29%
21 F Ferrugem
25%
10 B Bronze
24%
4 A-A Azul-anil
23%
6 A-R Azul-royal
23%
13 C Castanho
23%
16 C Cobre
22%
34 O Ocre
22%
8 B Bordô
20%
24 G Grená
16%
38 P Púrpura
16%
17 C Creme
15%
25 J Jade
14%
1 A Abóbora
13%
12 C Carmim
13%
26 J Jambo
13%
19 E Escarlate
11%
33 M Mostarda
11%
14 C Chumbo
10%
31 M Marfim
9%
28 L Lavanda
8%
35 P Pêssego
8%
43 T Terracota
7%
42 S Sépia
6%
22 F Fuchsia
4%
45 U Urucum
3%
Nenhum quiz correspondente encontrado
Distribuição das Pontuações
Porcentagem de Pessoas com Cada Pontuação
Percentil de Números Respondidos
Sua Pontuação Histórica
Você não jogou esse quiz desde o último reset